Oyuncunun gizli sanatı : (Record no. 12730)

MARC details
000 -BAŞLIK
Sabit Uzunlukta Kontrol Alanı 01058nam a22002777a 4500
999 ## - SİSTEM KONTROL NUMARALARI (KOHA)
Koha Biblionumber 12730
Koha Biblioitemnumber 12730
003 - KONTROL NUMARASI IDENTIFIER
Denetim Alanı MIRAKIL
005 - SON İŞLEM TARİHİ VE ZAMANI
Denetim Alanı 20190211164255.0
008 - SABİT-BOY VERİ ELEMANLARI - GENEL BİLGİLER
Sabit Uzunlukta Kontrol Alanı 190211b tu ||||| |||| 00| 0 tur d
020 ## - ULUSLARARASI STANDART KİTAP NUMARASI
Uluslararası Standart Kitap Numarası 9786053994381
040 ## - KATALOGLAMA KAYNAK
Orijinal Kataloglama Ajansı TR-AnCHP
Metne Dönüştürmek Ajansı TR-AnCHP
041 ## - DİL KODU
Metin / Ses Parça Veya Ayrı Başlığın Dil Kodu tur
082 ## - DEWEY ONLU SINIFLANDIRMA NUMARASI
Sınıflandırma Numarası 792.03
Ürün Numarası B26o 2017
100 ## - ANA GİRİŞ - KİŞİSEL İSİM
Kişisel Ad Barba, Eugenio
Bir Adıyla İlişkilendirilen Tarihler 1936-
245 10 - BAŞLIK TABLOSU
Başlık Oyuncunun gizli sanatı :
Başlığın Kalan Tiyatro antropolojisi sözlüğü /
Sorumluluk Tablosu, Vb Eugenio Barba, Nicola Savarese ; çeviren: Ayşın Candan
246 ## - UNVAN FORM VARYING
Başlık Doğru / Kısa Başlığı Tiyatro antropolojisi sözlüğü
260 ## - YAYIN, DAĞITIM, VB
Yayın, Dağıtım, Vb Yeri İstanbul:
Yayıncı, Dağıtıcı, Vs Adı İstanbul Bilgi Üniversitesi Yayınları,
Yayın, Dağıtım, Vb Tarihi 2017.
300 ## - FİZİKSEL TANIM
Kapsam 350 s. :
Diğer Fiziksel Ayrıntıları res.;
Boyutlar 24 sm.
490 0# - SERİSİ TABLOSU
Seri Beyanı İstanbul Bilgi Üniversitesi Yayınları ;
-- Sanat-estetik ;
Hacim / Ardışık Tanımı 583.
-- 9.
500 ## - GENEL NOT
Genel Not Özgün yapıt adı: The secret art of the performer : a dictionary of theatre antropology
504 ## - KAYNAKÇA VB NOT
Kaynakça Vb Notu Dizin vardır.
650 #0 - KONU KATMA GİRİŞ - TOPİKAL DÖNEM
9 (RLIN) 5181
Topikal Süreli Veya Coğrafi Ad Giriş Elemanı Tiyatro
Genel Alt Bölümü Antropolojik açıdan
700 ## - KATMA GİRİŞ - KİŞİSEL İSİM
9 (RLIN) 5182
Kişisel Ad Savarese, Nicola
700 1# - KATMA GİRİŞ - KİŞİSEL İSİM
9 (RLIN) 4512
Kişisel Ad Candan, Ayşın
Relator Terim çev.
740 ## - KATMA GİRİŞ - KONTROLSUZ İLGİLİ / ANALİTİK BAŞLIK
Kontrol Edilmeyen / İlgili Analitik Başlıktaki Tiyatro antropolojisi sözlüğü
942 ## - EKLENDİ GİRİŞ ELEMANLARI (KOHA)
Sınıflandırma Veya Raf Düzeni Kaynak Dewey Decimal Classification
Koha Öğesi Türü Books
Holdings
Kalıcı Konum Mevcut Konum Edinme Tarihi Edinim Kaynak Toplam Check-Out'Lar Tam Çağrı Numarası Barkod Tarih Son Görülme İtibaren Geçerli Fiyatlar Sigara Kamu Notu Koha Öğesi Türü
CHP Kütüphanesi CHP Kütüphanesi 02/11/2019 Bağış   792.03 B26o 2017 018840 02/11/2019 02/11/2019 Kemal Kılıçdaroğlu bağışıdır. Books